=LDR 00000nam 2200000 4500 =001 INLIS000000000014525 =005 20130612105814 =008 ***********************************Ind** =035 ##$$0010-061300000014525 =041 ##$$a Ind =082 ##$$a 350 =090 ##$$a 350, Tji r =100 ##$$a Tjiptoherijanto, Prijono =245 ##$$a Reformasi administrasi dan pembangunan nasional, Prijono tjiptoherijanto, said zainal Abidin =260 ##$$a 1993 $b Jakarta =300 ##$$a xiii, 202 hlm., 20,5 cm =650 ##$$a Administrasi negara =700 ##$$a Abidin, said zainal =850 ##$$a NBPNMAT